Vocabulaire francais-anglais et anglais-francais de termes et locutions juridiques, administratifs, commerciaux, financiers et sujets connexes=A french-english and english-french vocabulary of legal terms and phrases comprising administration, business, finance and allied subjects

Wedi'i Gadw mewn:
Manylion Llyfryddiaeth
Prif Awdur: Jéraute, Jules (Awdur)
Fformat: Llyfr
Iaith:Ffrangeg
Saesneg
Cyhoeddwyd: París Librairie Générale de Droit et de Jurisprudence 1952
Pynciau:
Tagiau: Ychwanegu Tag
Dim Tagiau, Byddwch y cyntaf i dagio'r cofnod hwn!

MARC

LEADER 00000nam a2200000 a 4500
001 UCT6914
003 CL-VaPUC
008 970113e19520000FR |||||||||||||||||fre|d
041 0 7 |a fre  |2 CL-VaPUC 
041 0 7 |a eng  |2 CL-VaPUC 
082 0 4 |a 340.03  |b JER  |2 21 
100 0 |a Jéraute, Jules  |e author  |9 377307 
245 1 0 |a Vocabulaire francais-anglais et anglais-francais de termes et locutions juridiques, administratifs, commerciaux, financiers et sujets connexes=A french-english and english-french vocabulary of legal terms and phrases comprising administration, business, finance and allied subjects 
300 |a 414 p 
942 |c BK 
945 |d 19970113 00:00:00  |a paguirre 
260 |a París  |b Librairie Générale de Droit et de Jurisprudence  |c 1952 
650 0 |a Vocabularios  |9 316229 
650 0 |a Inglés  |9 260023 
650 7 |a FRANCES  |2 CL-VaPUC  |9 259059 
650 7 |a DERECHO  |2 CL-VaPUC  |9 377308 
650 7 |a LEGISLACION  |2 CL-VaPUC  |9 377309 
650 7 |a TERMINOLOGIA  |2 CL-VaPUC  |9 254881 
650 0 |a Economía   |9 255568 
583 |a last modification  |c 19970113 00:00:00  |k Rodrigo Vera 
999 |c 255583  |d 255581 
952 |0 0  |1 0  |4 0  |6 340_030000000000000_JER_1952  |7 0  |8 F  |9 277889  |a BIBDER  |b BIBDER  |d 2019-11-19  |i 1804200  |o 340.03 JER 1952  |p 1804200  |r 2023-01-25  |w 2019-11-19  |y BK_F  |k DER